TV Show by Six Letters Quiz Stats

Quiz Updated Oct 21, 2012

Challenge
Share
Tweet
Embed
Score 0/30 Timer 05:00
1 Play Today
Six Letters TV Show % Correct
HE SOPRThe Sopranos
90.1%
VAN DYKThe Dick Van Dyke Show
88.6%
SBY SHOThe Cosby Show
87.3%
CA'S GOTAmerica's Got Talent
86.2%
OVE LUCI Love Lucy
86%
IGHT ZOThe Twilight Zone
77.8%
DERN FAModern Family
77.3%
ESH PRIThe Fresh Prince of Bel-Air
75.4%
AND A HATwo and a Half Men
72.8%
ICAN IDAmerican Idol
72.7%
NDY GRIThe Andy Griffith Show
68.9%
E BOB NEThe Bob Newhart Show
68.7%
LL IN THAll In The Family
68.4%
ADY BUNThe Brady Bunch
68.1%
RTYSOMthirtysomething
66.7%
Six Letters TV Show % Correct
NG THEOThe Big Bang Theory
61.1%
UAREPASpongeBob SquarePants
57.8%
REET BLHill Street Blues
56.6%
STED DEArrested Development
56.3%
ET UNDESix Feet Under
54.8%
ME IS EAMy Name Is Earl
54.6%
TAR GALBattlestar Galactica
47.6%
LM IN THMalcolm in the Middle
47.5%
CKY ANDRocky & His Friends
44.8%
HE HONEThe Honeymooners
43%
UR ENTHCurb Your Enthusiasm
42.6%
AME STRSesame Street
37.2%
ORD FILThe Rockford Files
27.1%
NE IS ITWhose Line Is It Anyway?
23.4%
S AND GEFreaks and Geeks
20.8%

You're not logged in!

Compare scores with friends on all Sporcle quizzes.
Sign Up with Email
OR
Log In

You Might Also Like...

Show Comments

Extras

Top Quizzes Today


Score Distribution

Your Account Isn't Verified!

In order to create a playlist on Sporcle, you need to verify the email address you used during registration. Go to your Sporcle Settings to finish the process.